|
|
|
|
| LEADER |
00000cam a22000004a 4500 |
| 001 |
musev2_45653 |
| 003 |
MdBmJHUP |
| 005 |
20230905044756.0 |
| 006 |
m o d |
| 007 |
cr||||||||nn|n |
| 008 |
160426s2016 iau o 00 0 eng d |
| 020 |
|
|
|a 9781609384081
|
| 020 |
|
|
|z 9781609384074
|
| 040 |
|
|
|a MdBmJHUP
|c MdBmJHUP
|
| 100 |
1 |
|
|a Nauseef, Judy,
|e author.
|
| 245 |
1 |
0 |
|a Gardening with Native Plants in the Upper Midwest :
|b Bringing the Tallgrass Prairie Home /
|c Judy Nauseef.
|
| 264 |
|
1 |
|a Iowa City :
|b University of Iowa Press,
|c [2016]
|
| 264 |
|
3 |
|a Baltimore, Md. :
|b Project MUSE,
|c 0000
|
| 264 |
|
4 |
|c ©[2016]
|
| 300 |
|
|
|a 1 online resource (151 pages).
|
| 336 |
|
|
|a text
|b txt
|2 rdacontent
|
| 337 |
|
|
|a computer
|b c
|2 rdamedia
|
| 338 |
|
|
|a online resource
|b cr
|2 rdacarrier
|
| 490 |
0 |
|
|a Bur Oak guides
|
| 505 |
0 |
|
|a Intro -- Contents -- Acknowledgments -- Preface -- 1. Native Plants and the Landscape -- 2. Some History of the Midwestern Landscape -- 3. Why Bring Native Plants into Our Gardens? -- 4. Planning the Garden -- 5. Combining Plants -- 6. Residential Prairies and Woodlands -- 7. Planting and Maintenance -- Resources -- Index.
|
| 588 |
|
|
|a Description based on print version record.
|
| 650 |
|
7 |
|a Native plant gardening.
|2 fast
|0 (OCoLC)fst01033928
|
| 650 |
|
7 |
|a Landscape gardening.
|2 fast
|0 (OCoLC)fst00991916
|
| 650 |
|
7 |
|a Endemic plants.
|2 fast
|0 (OCoLC)fst00909705
|
| 650 |
|
7 |
|a GARDENING
|x General.
|2 bisacsh
|
| 650 |
|
7 |
|a SCIENCE
|x Life Sciences
|x Horticulture.
|2 bisacsh
|
| 650 |
|
7 |
|a GARDENING
|x Vegetables.
|2 bisacsh
|
| 650 |
|
7 |
|a GARDENING
|x Reference.
|2 bisacsh
|
| 650 |
|
7 |
|a GARDENING
|x Essays.
|2 bisacsh
|
| 650 |
|
6 |
|a Jardins
|x Architecture
|z Midwest (États-Unis)
|
| 650 |
|
6 |
|a Plantes endemiques
|z Midwest (États-Unis)
|
| 650 |
|
6 |
|a Plantes indigenes
|x Culture
|z Midwest (États-Unis)
|
| 650 |
|
0 |
|a Landscape gardening
|z Middle West.
|
| 650 |
|
0 |
|a Endemic plants
|z Middle West.
|
| 650 |
|
0 |
|a Native plant gardening
|z Middle West.
|
| 651 |
|
7 |
|a Middle West.
|2 fast
|0 (OCoLC)fst01240052
|
| 655 |
|
7 |
|a Electronic books.
|2 local
|
| 710 |
2 |
|
|a Project Muse.
|e distributor
|
| 830 |
|
0 |
|a Book collections on Project MUSE.
|
| 856 |
4 |
0 |
|z Texto completo
|u https://projectmuse.uam.elogim.com/book/45653/
|
| 945 |
|
|
|a Project MUSE - Custom Collection
|